| 000 | 00952nam a22003135a 4500 | ||
|---|---|---|---|
| 003 | EG-ScBUE | ||
| 005 | 20221027095439.0 | ||
| 008 | 171220t1995 at a f 001 0 eng d | ||
| 020 | _a1875498087 | ||
| 020 | _a97818758498086 | ||
| 040 |
_aEG-ScBUE _beng _erda _cEG-ScBUE _dEG-ScBUE |
||
| 043 |
_ae-it--- _ae-po--- _ae-sp--- |
||
| 082 | 0 | 4 |
_a720.9 _bARC _222 |
| 245 | 0 | 0 | _aArchitects of Italy, Portugal and Spain. |
| 264 | 1 |
_aMelbourne : _bImages Australia, _c[1995] |
|
| 264 | 4 | _cc1995 | |
| 300 |
_a95 pages : _bcolor illustrations ; _c35 cm |
||
| 336 |
_2rdacontent _atext _btxt |
||
| 337 |
_2rdamedia _aunmediated _bn |
||
| 338 |
_2rdacarrier _avolume _bnc |
||
| 500 | _aIncludes index. | ||
| 650 | 7 |
_aArchitectural firms _zItaly. _2BUEsh |
|
| 650 | 7 |
_aArchitectural firms _zPortugal. _2BUEsh |
|
| 650 | 7 |
_aArchitectural firms _zSpain. _2BUEsh |
|
| 651 | _2BUEsh | ||
| 653 |
_bENGARC _cDecember2017 |
||
| 655 | _vReading book | ||
| 942 |
_2ddc _cBB |
||
| 999 |
_c25751 _d25723 |
||